[Event "Kingston Easter U1900"]
[Site "Kingston"]
[Date "2019.04.22"]
[Round "8.35"]
[White "Samuel, Victor"]
[Black "Srinivas, Atharva"]
[Result "1/2-1/2"]
[WhiteElo "1632"]
[BlackElo "1683"]
[PlyCount "36"]
[EventDate "2019.04.18"]
[EventType "swiss"]
[EventRounds "9"]
[EventCountry "CAN"]
[SourceTitle "EXT 2022"]
[Source "ChessBase"]
[SourceDate "2021.10.06"]
[SourceVersion "1"]
[SourceVersionDate "2021.10.06"]
[SourceQuality "1"]

1. d4 d5 2. Bf4 Nf6 3. e3 c6 4. Nd2 e6 5. Ngf3 Nbd7 6. c3 Be7 7. h3 h6 8. Bd3 b6 9. 0-0 0-0 10. Bc2 Bb7 11. Re1 c5 12. a4 Re8 13. Ne5 Nxe5 14. dxe5 Nd7 15. Qg4 Bg5 16. Bg3 f5 17. Qe2 Rc8 18. a5 Ra8 1/2-1/2

[Event "Kingston Easter U1900"]
[Site "Kingston"]
[Date "2019.04.18"]
[Round "1.32"]
[White "Samuel, Victor"]
[Black "Perkins, Simon"]
[Result "0-1"]
[WhiteElo "1632"]
[BlackElo "1753"]
[PlyCount "60"]
[EventDate "2019.04.18"]
[EventType "swiss"]
[EventRounds "9"]
[EventCountry "CAN"]
[SourceTitle "EXT 2022"]
[Source "ChessBase"]
[SourceDate "2021.10.06"]
[SourceVersion "1"]
[SourceVersionDate "2021.10.06"]
[SourceQuality "1"]

1. d4 e6 2. Bf4 f5 3. e3 Nf6 4. Bd3 d5 5. Nd2 Bd6 6. Ngf3 0-0 7. Bg5 Nbd7 8. c4 c6 9. c5 Bc7 10. b4 Qe8 11. Bf4 Bxf4 12. exf4 Ne4 13. Ne5 Nxd2 14. Kxd2 Nxe5 15. fxe5 Qe7 16. f4 Bd7 17. h4 b6 18. Qh5 Be8 19. Qg5 Qf7 20. h5 h6 21. Qg3 Bd7 22. Bc2 Rab8 23. Qd3 bxc5 24. bxc5 Rfd8 25. Qa6 Be8 26. Bb3 Qc7 27. Rh3 Rb5 28. Kc2 Rdb8 29. Qa3 Rb4 30. Qb2 a5 0-1